• 首页
  • 本馆介绍
  • 公告通知
  • 最新文献
  • 馆藏检索
  • 电子资源
  • 读者导购
  • 参考咨询
  • 我的图书馆
  • 登录
  • 详细信息显示
  • 放入我的书架
  • 预约/预借图书
  • 作者相关作品
  • 分类相关作品
  • 丛书相关作品
  • 出版社相关作品

书目信息

  • 表格格式
  • 工作单格式
  • 卡片格式
题名:
世界优秀通讯选
    
 
作者: 解力夫 主编
分册: 上  
出版信息: 北京   新华出版社  1988.9
页数: 450页
开本: 20cm
丛书名:
单 册:
中图分类: I15
科图分类:
主题词: 报告文学--作品集--世界
电子资源:
ISBN:
000 00538nam0 2200193 45
001 0312221749
005 20070923150748.65
010    @dCNY8.55
100    @a20031222d1988 km y0chiy0120 ea
101    @achi
105    @a z 000yy
200 1  @a世界优秀通讯选@AShi Jie You Xiu Tong Xun Xuan@h上@f解力夫主编@FJie Li Fu Zhu Bian
210    @a北京@c新华出版社@d1988.9
215    @a450页@d20cm
606 0  @a报告文学@x作品集@x世界
690    @aI15@v3
701 0  @a解力夫@4主编
801    @aCN@bTSTCL@c20070923
905    @dI15@e161:2@f1@b216011
    
    世界优秀通讯选.上/解力夫主编.-北京:新华出版社,1988.9
    450页;20cm
    
    
    ISBN :CNY8.55
    
●
相关链接 在E读中查询图书 在五车中查询图书 在当当中查询图书 在豆瓣中查询图书


正题名:世界优秀通讯选     索取号:I15/161:2         预约/预借

序号 登录号 条形码 馆藏地/架位号 状态 备注
1 0216011   002009187   第二借阅区/ [索取号:I15/161:2] 在馆    
2 0216012   000087159   第一样本阅览室/ [索取号:I15/161:2] 在馆    
唐山师范学院图书馆 欢迎您!
大连网信软件有限公司© 版权所有